000 00619nam a2200253Ia 4500
005 20260121160752.0
008 008 260114s9999 xx 000 0 eng d
020 _a9781315685212
037 _aEBOOK
040 _aCRL
040 _beng
040 _cCRL
041 _2eng
041 _aeng
084 _qCRL
100 _a Grant Banfield
_91036073
245 0 _aCritical Realism for Marxist Sociology of Education
260 _bTaylor and Francis
260 _c2016
856 _uhttp://www.taylorfrancis.com/books/9781315685212
942 _cEBOOK
999 _c1602889
_d1602889